000 00264nam a2200109 a 4500
005 20200929163915.0
008 100122s2006 000 spa d
020 _a9780978625108
245 0 _aErzulie's skirt.
260 _aWashington, DC,
_c2006.
999 _c14401
_d14401
040 _aDO-SdBNP